Bezpečnosť prenosu dát diplomová práca

Saved in:
Bibliographic Details
Main Author: Juhás, Matej
Corporate Author: Fakulta hospodárskej informatiky EU. Katedra aplikovanej informatiky
Other Authors: Závodný, Peter
Format: Book
Language:Slovak
Published: Bratislava 2014
Tags: Add Tag
No Tags, Be the first to tag this record!

MARC

LEADER 00000nbm a2200000 4500
001 0188571
005 20170201104401.2
041 0 |a slo 
044 |a SK 
245 1 0 |a Bezpečnosť prenosu dát  |b diplomová práca  |c Matej Juhás ; školiteľ: Peter Závodný 
264 1 |a Bratislava  |c 2014 
300 |a 100 s. 
100 1 |a Juhás, Matej 
700 1 |a Závodný, Peter 
710 2 |a Fakulta hospodárskej informatiky EU. Katedra aplikovanej informatiky